[Event "V Floripa Chess Open 2019"]
[Site "Florianopolis/SC"]
[Date "2019.01.25"]
[Round "7.57"]
[White "Soares, Joao Carlos T. C."]
[Black "Schena, Arthur"]
[Result "1/2-1/2"]
[WhiteElo "2077"]
[BlackElo "1831"]
[PlyCount "111"]
[EventDate "2019.01.21"]
[EventRounds "10"]
[EventCountry "BRA"]

1. d4 Nf6 2. c4 g6 3. Nc3 Bg7 4. e4 d6 5. f4 O-O 6. Nf3 c5 7. d5 e6 8. dxe6 fxe6 9. e5 dxe5 10. Qxd8 Rxd8 11. Nxe5 Nfd7 12. Nxd7 Bxd7 13. Be3 Bc6 14. Bxc5 Na6 15. Ba3 Rd4 16. Rd1 Rad8 17. h4 b6 18. Rh3 Nc5 19. Bxc5 bxc5 20. Re3 Kf7 21. g3 Rb8 22. b3 Rbd8 23. Bh3 R8d6 24. Ke2 a6 25. Rdd3 Bf6 26. Bg4 Bg2 27. Kd2 Bf1 28. Be2 Bg2 29. Na4 Rxd3+ 30. Rxd3 Bd4 31. Nc3 Ke7 32. Ke1 Bg7 33. Rxd6 Kxd6 34. Nd1 Be4 35. Kd2 Bd4 36. Bd3 Bc6 37. Ke2 e5 38. Nf2 exf4 39. gxf4 Bf6 40. h5 gxh5 41. Bxh7 Ke6 42. Be4 Be8 43. Nd3 Bd4 44. a3 h4 45. b4 cxb4 46. axb4 Kd6 47. f5 Bc3 48. Kf1 Bf7 49. c5+ Kc7 50. Nf4 Bxb4 51. Ba8 Be8 52. Ne6+ Kc8 53. Ng7 Bb5+ 54. Kg2 Bxc5 55. f6 Bd4 56. Nh5 1/2-1/2

[Event "V Floripa Chess Open 2019"]
[Site "Florianopolis/SC"]
[Date "2019.01.25"]
[Round "7.59"]
[White "Zampronha, Vitor Luis"]
[Black "Souza, Iago Henrique Da Si"]
[Result "0-1"]
[WhiteElo "1593"]
[BlackElo "2060"]
[PlyCount "92"]
[EventDate "2019.01.21"]
[EventRounds "10"]
[EventCountry "BRA"]

1. e4 c6 2. d4 d5 3. exd5 cxd5 4. c4 Nf6 5. Nc3 Nc6 6. Nf3 Bg4 7. cxd5 Nxd5 8. Qb3 Bxf3 9. gxf3 e6 10. Qxb7 Nxd4 11. Bb5+ Nxb5 12. Qc6+ Ke7 13. Qxb5 Nxc3 14. bxc3 Qd5 15. Qxd5 exd5 16. Be3 Ke6 17. O-O Bd6 18. Rfe1 Kd7 19. Rad1 Kc6 20. Bd4 a5 21. a4 Rab8 22. Rb1 f6 23. h3 Rhe8 24. Red1 Re2 25. Rxb8 Bxb8 26. Rb1 Kc7 27. Rb5 Ra2 28. Rc5+ Kd6 29. c4 Rxa4 30. Rxd5+ Ke6 31. Rc5 Bd6 32. Rc8 Kd7 33. Ra8 Rxc4 34. Bxf6 gxf6 35. Rxa5 Be5 36. Ra7+ Rc7 37. Ra4 Kd6 38. Rh4 Rg7+ 39. Rg4 f5 40. Rxg7 Bxg7 41. Kg2 Be5 42. h4 h5 43. Kh3 f4 44. Kg2 Kd5 45. Kh3 Kd4 46. Kh2 Kd3 0-1

[Event "V Floripa Chess Open 2019"]
[Site "Florianopolis/SC"]
[Date "2019.01.25"]
[Round "7.60"]
[White "Cantero, Rodolfo"]
[Black "Weise, William Ferreira"]
[Result "1-0"]
[WhiteElo "2055"]
[BlackElo "1778"]
[PlyCount "65"]
[EventDate "2019.01.21"]
[EventRounds "10"]
[EventCountry "BRA"]

1. e4 e6 2. d3 d5 3. Nd2 Nf6 4. g3 c5 5. Bg2 Nc6 6. Ngf3 Be7 7. O-O O-O 8. e5 Nd7 9. Re1 b5 10. Nf1 a5 11. h4 Ba6 12. Bf4 Re8 13. N1h2 b4 14. Bh3 Nf8 15. h5 c4 16. d4 a4 17. b3 c3 18. h6 g6 19. Qc1 Bb5 20. Qe3 Nd7 21. Ng4 Qb6 22. Bf1 Bxf1 23. Kxf1 axb3 24. axb3 Ra5 25. Rxa5 Qxa5 26. Bg5 Bf8 27. Bf6 Ra8 28. Qf4 Qb6 29. Rd1 Ra2 30. Ng5 Qa6+ 31. Kg2 Qe2 32. Be7 f5 33. exf6 1-0

[Event "V Floripa Chess Open 2019"]
[Site "Florianopolis/SC"]
[Date "2019.01.25"]
[Round "7.62"]
[White "Gauche, Charles"]
[Black "Gomes, Guilherme Rodrigues"]
[Result "1/2-1/2"]
[WhiteElo "2241"]
[BlackElo "1565"]
[PlyCount "126"]
[EventDate "2019.01.21"]
[EventRounds "10"]
[EventCountry "BRA"]

1. e4 c5 2. Nf3 d6 3. d4 cxd4 4. Nxd4 Nf6 5. Nc3 Nc6 6. Bg5 e6 7. Qd2 Be7 8. O-O-O Nxd4 9. Qxd4 O-O 10. f4 Qa5 11. Qd2 Rd8 12. Kb1 Qc7 13. Bd3 Bd7 14. f5 a6 15. g4 b5 16. e5 dxe5 17. Bxf6 Bxf6 18. g5 Be7 19. f6 Bf8 20. fxg7 Bxg7 21. Ne4 Bc6 22. Nf6+ Kh8 23. Qf2 e4 24. Be2 e3 25. Qxe3 Bxh1 26. Rxh1 Rac8 27. Bd3 Rxd3 28. Qxd3 Bxf6 29. gxf6 Qc4 30. Qd2 Qe4 31. Rf1 Qg6 32. a3 a5 33. Qf2 b4 34. Rg1 Rxc2 35. Qxc2 Qxg1+ 36. Ka2 bxa3 37. Kxa3 Qe3+ 38. b3 h5 39. Qg2 Qh6 40. Qf3 Qc1+ 41. Ka4 Qa1+ 42. Kb5 Qe5+ 43. Ka6 Qxh2 44. Kxa5 Qa2+ 45. Kb6 Qh2 46. b4 Qd6+ 47. Ka5 Qc7+ 48. Kb5 Qd7+ 49. Kc4 Qc7+ 50. Kb3 Qe5 51. Qf2 Qg5 52. Ka4 h4 53. b5 h3 54. b6 Qg2 55. Qh4+ Kg8 56. b7 Qxb7 57. Qg5+ Kf8 58. Qg7+ Ke8 59. Qg8+ Kd7 60. Qxf7+ Kc8 61. Qe8+ Kc7 62. f7 Qe4+ 63. Kb5 Qd4 1/2-1/2

[Event "V Floripa Chess Open 2019"]
[Site "Florianopolis/SC"]
[Date "2019.01.25"]
[Round "7.63"]
[White "Klein, Luan Carlos"]
[Black "Araujo, Adalberto Marcos"]
[Result "0-1"]
[WhiteElo "1875"]
[BlackElo "2213"]
[PlyCount "88"]
[EventDate "2019.01.21"]
[EventRounds "10"]
[EventCountry "BRA"]

1. e4 c5 2. d4 cxd4 3. c3 dxc3 4. Nxc3 Nc6 5. Bc4 e6 6. Nf3 d6 7. O-O a6 8. a4 Nge7 9. Bg5 h6 10. Bh4 Qc7 11. Qe2 Ng6 12. Bg3 Be7 13. Rac1 O-O 14. Rfd1 Rd8 15. Ba2 Qb6 16. Kh1 Nb4 17. Bb1 e5 18. Nd2 Be6 19. Nd5 Nxd5 20. exd5 Bxd5 21. Nc4 Bxc4 22. Qxc4 Nf8 23. Ba2 Ne6 24. Qg4 Nd4 25. f4 Bf6 26. fxe5 dxe5 27. Rf1 Rf8 28. Bxe5 Bxe5 29. Rxf7 Kh8 30. Rxf8+ Rxf8 31. Rc8 Qf6 32. Bc4 Bd6 33. Bd3 g6 34. Qd7 b5 35. axb5 axb5 36. Rxf8+ Bxf8 37. Qg4 Kg7 38. h4 h5 39. Qd7+ Kh6 40. Qh3 Qf4 41. g4 hxg4 42. Qg2 Nf3 43. Bxb5 Nxh4 44. Qa8 Qc1+ 0-1

[Event "V Floripa Chess Open 2019"]
[Site "Florianopolis/SC"]
[Date "2019.01.25"]
[Round "7.64"]
[White "Cardozo, Matheus Santos"]
[Black "Campos, Igor Ribeiro"]
[Result "1/2-1/2"]
[WhiteElo "1869"]
[BlackElo "2174"]
[PlyCount "107"]
[EventDate "2019.01.21"]
[EventRounds "10"]
[EventCountry "BRA"]

1. d4 e6 2. Nf3 Nf6 3. c4 b6 4. g3 Bb7 5. Bg2 Bb4+ 6. Nc3 Bxc3+ 7. bxc3 O-O 8. O-O d6 9. Bg5 Nbd7 10. Nd2 Bxg2 11. Kxg2 Qc8 12. e4 Qb7 13. Qe2 h6 14. Bxf6 Nxf6 15. Kg1 Nh7 16. f4 c5 17. d5 Rae8 18. Rae1 Qa6 19. Qf2 f6 20. Qg2 e5 21. Kh1 Re7 22. f5 Qxa2 23. Ra1 Qc2 24. Rfc1 Qd3 25. Ra3 Rff7 26. Ra2 Rb7 27. Qf3 Qxf3+ 28. Nxf3 Rfc7 29. Rca1 Kf7 30. Kg2 Nf8 31. Ne1 Nd7 32. Nc2 Ke7 33. Na3 a6 34. Nc2 Nb8 35. Rb2 Kd8 36. Rab1 Nd7 37. Ra1 Ra7 38. Rba2 Nb8 39. Na3 Rcb7 40. Rb1 Kc8 41. Rab2 Kc7 42. Kf3 Nd7 43. Ke3 Ra8 44. Kd3 Rg8 45. g4 Nf8 46. Ke3 Nh7 47. h4 Rgb8 48. Ra1 Rg8 49. Kd2 b5 50. cxb5 axb5 51. Rab1 b4 52. cxb4 Rxb4 53. Rxb4 cxb4 54. Rxb4 1/2-1/2

[Event "V Floripa Chess Open 2019"]
[Site "Florianopolis/SC"]
[Date "2019.01.25"]
[Round "7.65"]
[White "Kanzler, Karina Daniela Ferr"]
[Black "Araujo, Jose Roberto"]
[Result "1-0"]
[WhiteElo "1856"]
[BlackElo "2142"]
[PlyCount "79"]
[EventDate "2019.01.21"]
[EventRounds "10"]
[EventCountry "BRA"]

1. Nf3 Nf6 2. d4 g6 3. c4 Bg7 4. Nc3 O-O 5. e4 d6 6. Bd3 e5 7. d5 a5 8. Bd2 Na6 9. Rc1 Nc5 10. Bb1 Ne8 11. Na4 f5 12. Nxc5 dxc5 13. Bg5 Qd6 14. Bd2 Qe7 15. h4 Nd6 16. Bg5 Qf7 17. exf5 e4 18. Nh2 gxf5 19. b3 f4 20. h5 h6 21. Bh4 Nf5 22. Ng4 Nxh4 23. Rxh4 Qe7 24. g3 e3 25. Qe2 Bf5 26. Bxf5 Rxf5 27. Rh3 fxg3 28. fxe3 Raf8 29. Rxg3 Qh4 30. Nxh6+ Kh8 31. Nxf5 Rxf5 32. Qg4 Qf6 33. Qe2 Qh4 34. Qg4 Qf6 35. Rg1 Qe5 36. Qg3 Qb2 37. Kd1 Rxh5 38. Rc2 Qa1+ 39. Kd2 Qf6 40. Qxc7 1-0

[Event "V Floripa Chess Open 2019"]
[Site "Florianopolis/SC"]
[Date "2019.01.25"]
[Round "7.66"]
[White "Ulloa, Gabriel"]
[Black "Belmonte, Adriel"]
[Result "1-0"]
[WhiteElo "2068"]
[BlackElo "1879"]
[PlyCount "97"]
[EventDate "2019.01.21"]
[EventRounds "10"]
[EventCountry "BRA"]

1. e4 e6 2. d4 d5 3. Nc3 Nf6 4. e5 Nfd7 5. Nf3 c5 6. dxc5 Bxc5 7. Bf4 Nc6 8. Bd3 a6 9. O-O Be7 10. Qe2 b5 11. Rfe1 Bb7 12. Rad1 g5 13. Bg3 g4 14. Nd2 h5 15. Nb3 Qb6 16. Kh1 O-O-O 17. f4 gxf3 18. Qxf3 d4 19. Ne4 h4 20. Bf2 Ndxe5 21. Qh3 f5 22. Nc3 Ng4 23. Bf1 Nce5 24. Bg1 Rhg8 25. Rxd4 Rxd4 26. Nxd4 Bc5 27. Nce2 Nc4 28. c3 Nxb2 29. Qxh4 Nd3 30. Rd1 Be4 31. h3 Nge5 32. Ng3 Nb2 33. Rd2 Nbc4 34. Nxe4 fxe4 35. Rd1 e3 36. Qe4 Bxd4 37. cxd4 Nd7 38. Bxc4 bxc4 39. Bxe3 Nf6 40. Qc2 Qc6 41. Rf1 Ne4 42. Rf3 Nd6 43. Bf4 Nb5 44. Be5 Nc7 45. Rc3 Kd8 46. Rxc4 Qb5 47. Bxc7+ Ke7 48. Qh7+ Kf6 49. Be5+ 1-0

[Event "V Floripa Chess Open 2019"]
[Site "Florianopolis/SC"]
[Date "2019.01.25"]
[Round "7.67"]
[White "Silva, Janderson Rossi Da"]
[Black "Piccoli, Lucas Fonseca"]
[Result "0-1"]
[WhiteElo "1850"]
[BlackElo "2062"]
[PlyCount "42"]
[EventDate "2019.01.21"]
[EventRounds "10"]
[EventCountry "BRA"]

1. e4 c6 2. d4 d5 3. Nc3 dxe4 4. Nxe4 Bf5 5. Ng3 Bg6 6. Nf3 e6 7. Ne5 Nd7 8. Nxg6 hxg6 9. Bd3 Ngf6 10. Bd2 Bd6 11. Qf3 Qc7 12. O-O-O O-O-O 13. h3 e5 14. Bc3 Rh4 15. dxe5 Nxe5 16. Bxe5 Bxe5 17. Rhe1 Rf4 18. Qe2 Re8 19. f3 Qb6 20. Rf1 Ra4 21. b3 Bf4+ 0-1

[Event "V Floripa Chess Open 2019"]
[Site "Florianopolis/SC"]
[Date "2019.01.25"]
[Round "7.68"]
[White "Blank Goncalves, Eduardo"]
[Black "Bracht, Rainer"]
[Result "1-0"]
[WhiteElo "2060"]
[BlackElo "1878"]
[PlyCount "79"]
[EventDate "2019.01.21"]
[EventRounds "10"]
[EventCountry "BRA"]

1. d4 Nf6 2. Nf3 e6 3. c4 d5 4. Nc3 Be7 5. e3 O-O 6. Be2 Nbd7 7. O-O c6 8. b3 Re8 9. Bb2 Bd6 10. Re1 Qc7 11. h3 a6 12. Rc1 Qb8 13. c5 Bc7 14. b4 b5 15. cxb6 Nxb6 16. a3 Bd7 17. Ra1 Bd6 18. Bd3 a5 19. Rb1 Qc7 20. Qe2 axb4 21. axb4 Na4 22. Rec1 Reb8 23. Nb5 Rxb5 24. Bxb5 Qb6 25. Bd3 Qd8 26. Ne5 Bxe5 27. dxe5 Ne8 28. Bd4 Nb6 29. Qc2 h6 30. f4 g6 31. Bxg6 fxg6 32. Qxg6+ Ng7 33. f5 Be8 34. Qxh6 exf5 35. Ra1 Rxa1 36. Rxa1 Qc7 37. Ra6 Nc8 38. e6 Qg3 39. Ra8 Nd6 40. Ra7 1-0

[Event "V Floripa Chess Open 2019"]
[Site "Florianopolis/SC"]
[Date "2019.01.25"]
[Round "7.69"]
[White "Nunes, Agatha Hurba"]
[Black "Ermel, Francisco Roberto"]
[Result "0-1"]
[WhiteElo "1822"]
[BlackElo "2054"]
[PlyCount "76"]
[EventDate "2019.01.21"]
[EventRounds "10"]
[EventCountry "BRA"]

1. d4 Nf6 2. c4 g6 3. Nc3 d5 4. Nf3 Bg7 5. Bf4 O-O 6. e3 c5 7. Be5 dxc4 8. dxc5 Qa5 9. Bd4 Nc6 10. Bxc4 Bg4 11. Bxf6 Bxf6 12. Rc1 Qxc5 13. Be2 Rfd8 14. Qa4 Qb4 15. Qxb4 Nxb4 16. a3 Nd3+ 17. Bxd3 Rxd3 18. Ke2 Rd7 19. h3 Be6 20. Rhd1 Rxd1 21. Rxd1 Rc8 22. Rc1 Kf8 23. Nd2 b5 24. Nde4 Bg7 25. Ng5 Bc4+ 26. Ke1 h6 27. Nf3 a6 28. Nd4 Ke8 29. Nce2 Kd7 30. b3 Bd5 31. Rd1 Ke8 32. f3 Bf6 33. Rd3 Bb7 34. Kd2 e5 35. Nc2 e4 36. Rd6 exf3 37. Rxf6 fxe2 38. Rf2 Rxc2+ 0-1

[Event "V Floripa Chess Open 2019"]
[Site "Florianopolis/SC"]
[Date "2019.01.25"]
[Round "7.70"]
[White "Lukachewski Junior, Wanderlei"]
[Black "Resende, Lucas B. Massucato"]
[Result "1-0"]
[WhiteElo "2046"]
[BlackElo "1876"]
[PlyCount "50"]
[EventDate "2019.01.21"]
[EventRounds "10"]
[EventCountry "BRA"]

1. d4 e6 2. c4 f5 3. Nc3 Nf6 4. e3 c6 5. Bd3 d5 6. Qc2 Ne4 7. Nge2 Bd6 8. O-O O-O 9. f3 Qh4 10. g3 Qh5 11. fxe4 fxe4 12. Rxf8+ Bxf8 13. Nxe4 dxe4 14. Bxe4 Nd7 15. Nf4 Qh6 16. Bd2 Nf6 17. Bf3 Bd7 18. e4 g5 19. Nd3 Qg7 20. e5 Ne8 21. Rf1 Nc7 22. Bh5 Be8 23. Bxe8 Rxe8 24. Nf2 Rd8 25. Qc3 c5 1-0

[Event "V Floripa Chess Open 2019"]
[Site "Florianopolis/SC"]
[Date "2019.01.25"]
[Round "7.71"]
[White "De Borba, Gabriel"]
[Black "Silva, Fernando So Barros "]
[Result "1-0"]
[WhiteElo "2030"]
[BlackElo "1867"]
[PlyCount "61"]
[EventDate "2019.01.21"]
[EventRounds "10"]
[EventCountry "BRA"]

1. e4 c5 2. Nf3 Nc6 3. d4 cxd4 4. Nxd4 Nf6 5. Nc3 e5 6. Ndb5 d6 7. a4 h6 8. Bc4 a6 9. Na3 Be7 10. O-O O-O 11. Re1 Na5 12. Ba2 Qc7 13. Be3 Bd7 14. Qd2 Kh7 15. Rab1 Rac8 16. Nd5 Nxd5 17. exd5 b5 18. b4 Nc4 19. Bxc4 bxc4 20. b5 axb5 21. axb5 f5 22. b6 c3 23. Qd1 Qb7 24. f4 e4 25. Nb5 Bxb5 26. Rxb5 Ra8 27. Qd4 Bf6 28. Qb4 Ra2 29. Qxd6 Rf7 30. Qc6 Rxc2 31. Ra5 1-0

[Event "V Floripa Chess Open 2019"]
[Site "Florianopolis/SC"]
[Date "2019.01.25"]
[Round "7.72"]
[White "Salvadego, Matheus Henrique De"]
[Black "Urquiza, Marcello De Albuque"]
[Result "1-0"]
[WhiteElo "1844"]
[BlackElo "2025"]
[PlyCount "85"]
[EventDate "2019.01.21"]
[EventRounds "10"]
[EventCountry "BRA"]

1. d4 d5 2. Nf3 Nf6 3. Bg5 Nbd7 4. e3 g6 5. c4 c6 6. Nbd2 Bg7 7. Be2 O-O 8. O-O Re8 9. h3 e5 10. cxd5 cxd5 11. dxe5 Nxe5 12. Nxe5 Rxe5 13. Nf3 Re6 14. Rc1 Qa5 15. Qd2 Qxa2 16. Ra1 Qb3 17. Nd4 Qb6 18. Nxe6 fxe6 19. Bxf6 Bxf6 20. Ra2 Bd7 21. Rc1 a6 22. b4 Rd8 23. Rb1 d4 24. Bc4 Kg7 25. e4 Bc6 26. Qd3 Bb5 27. Bxb5 Qxb5 28. Qxb5 axb5 29. Ra5 d3 30. Rxb5 d2 31. Rxb7+ Kh6 32. Rd1 Bc3 33. b5 Rd4 34. f3 Rb4 35. Kf2 Rb2 36. Ke2 Kg5 37. g3 e5 38. Rxh7 Rxb5 39. Rf7 Rc5 40. h4+ Kh6 41. g4 g5 42. Rf6+ Kg7 43. hxg5 1-0

[Event "V Floripa Chess Open 2019"]
[Site "Florianopolis/SC"]
[Date "2019.01.25"]
[Round "7.73"]
[White "Bail, Ellen Larissa"]
[Black "Caetano, Ryan Wesley Da Cost"]
[Result "1/2-1/2"]
[WhiteElo "1803"]
[BlackElo "2008"]
[PlyCount "48"]
[EventDate "2019.01.21"]
[EventRounds "10"]
[EventCountry "BRA"]

1. Nf3 Nf6 2. c4 g6 3. b3 Bg7 4. Bb2 O-O 5. d4 d5 6. g3 a5 7. Nc3 c6 8. Bg2 Ne4 9. cxd5 cxd5 10. O-O Nc6 11. a3 h6 12. Rc1 Be6 13. Na4 Rc8 14. Rc2 Bf5 15. Nh4 Nxf2 16. Kxf2 Bxc2 17. Qxc2 b5 18. Bxd5 Qxd5 19. Nb6 Qd6 20. Nxc8 Rxc8 21. Nf3 Rd8 22. e3 b4 23. a4 e5 24. Qc4 Qe6 1/2-1/2

[Event "V Floripa Chess Open 2019"]
[Site "Florianopolis/SC"]
[Date "2019.01.25"]
[Round "7.74"]
[White "Goncalves, Luiz Osvaldo Cifuen"]
[Black "Lage, Pedro Ferreira"]
[Result "1/2-1/2"]
[WhiteElo "1788"]
[BlackElo "1986"]
[PlyCount "43"]
[EventDate "2019.01.21"]
[EventRounds "10"]
[EventCountry "BRA"]

1. e4 e6 2. d4 d5 3. Nc3 Bb4 4. e5 c5 5. a3 Bxc3+ 6. bxc3 Qc7 7. Qg4 f5 8. Qh5+ g6 9. Qh4 cxd4 10. Qxd4 Nc6 11. Bb5 Bd7 12. Bxc6 Bxc6 13. a4 Rc8 14. Bd2 Ne7 15. f4 b6 16. Nf3 Bd7 17. O-O Qc5 18. Kh1 Qxd4 19. cxd4 Nc6 20. Ng5 Ke7 21. Bc1 Kf8 22. Ba3+ 1/2-1/2

[Event "V Floripa Chess Open 2019"]
[Site "Florianopolis/SC"]
[Date "2019.01.25"]
[Round "7.107"]
[White "Souza, Rodrigo Vilas Boas "]
[Black "Arndt, Claudio Felipe"]
[Result "1-0"]
[WhiteElo "1924"]
[BlackElo "1693"]
[PlyCount "51"]
[EventDate "2019.01.21"]
[EventRounds "10"]
[EventCountry "BRA"]

1. e4 c6 2. d4 d5 3. Nc3 dxe4 4. Nxe4 Bf5 5. Ng3 Bg6 6. h4 h6 7. N1e2 e6 8. Nf4 Bh7 9. Bc4 Nf6 10. O-O Nd5 11. Qg4 Qf6 12. Re1 Nxf4 13. Bxf4 Kd8 14. Bxe6 fxe6 15. Rxe6 Qf7 16. Rae1 Nd7 17. Re8+ Qxe8 18. Rxe8+ Kxe8 19. Bc7 Ke7 20. Qe2+ Kf7 21. Qc4+ Kf6 22. Nh5+ Kf5 23. Ng3+ Kf6 24. Nh5+ Kf5 25. Qf7+ Nf6 26. f3 1-0

[Event "V Floripa Chess Open 2019"]
[Site "Florianopolis/SC"]
[Date "2019.01.25"]
[Round "7.108"]
[White "Santos Neto, Amazonas"]
[Black "Moro, Antonio Renato Pere"]
[Result "0-1"]
[WhiteElo "1682"]
[BlackElo "1923"]
[PlyCount "146"]
[EventDate "2019.01.21"]
[EventRounds "10"]
[EventCountry "BRA"]

1. c4 e6 2. g3 f5 3. Bg2 Nf6 4. Nc3 Bb4 5. Rb1 Nc6 6. Qb3 Be7 7. e3 O-O 8. Nge2 Ne5 9. d4 Nd3+ 10. Kf1 Nb4 11. Bd2 c5 12. dxc5 Bxc5 13. Na4 Na6 14. Rd1 Ne4 15. Be1 Be7 16. Qc2 Nf6 17. a3 Rb8 18. Nac3 Nc7 19. Nd4 b6 20. Ncb5 Nxb5 21. Nxe6 Nxa3 22. bxa3 Qe8 23. Nxf8 Qxf8 24. Qa4 a5 25. Ra1 Ne4 26. Qb3 Ba6 27. Kg1 Bc5 28. h4 Qf6 29. Rc1 Bb7 30. f3 Qh6 31. Bf2 Nxg3 32. Bxg3 Bxe3+ 33. Kf1 f4 34. Re1 d5 35. cxd5 Ba6+ 36. Re2 fxg3 37. Ke1 Bxe2 38. Kxe2 Re8 39. Kd1 Qf6 40. d6+ Kf8 41. Qd3 Qa1+ 42. Kc2 Qa2+ 43. Kd1 Bf2 44. d7 Rd8 45. Qd6+ Kf7 46. f4 Qb1+ 47. Ke2 Qb5+ 48. Qd3 Qxd3+ 49. Kxd3 Rxd7+ 50. Ke2 Re7+ 51. Kd1 Kf6 52. h5 Re3 53. a4 Ra3 54. Bc6 Rc3 55. Bb7 Rc4 56. Ke2 Rxa4 57. Rd1 Rxf4 58. Kf1 Bc5+ 59. Kg2 Bf2 60. Rd6+ Ke7 61. Rd5 Rd4 62. Rg5 Kf6 63. Rb5 Rd3 64. Be4 Re3 65. Rxb6+ Kg5 66. Rb5+ Kh4 67. Bxh7 Be1 68. Bg6 Re2+ 69. Kf3 Rf2+ 70. Ke3 g2 71. Rxa5 g1=Q 72. Ra4+ Kg5 73. Kd4 Rf4+ 0-1

[Event "V Floripa Chess Open 2019"]
[Site "Florianopolis/SC"]
[Date "2019.01.25"]
[Round "7.109"]
[White "Furmam, Fernando Gustavo"]
[Black "Cezar, Ricardo De Almeida"]
[Result "1-0"]
[WhiteElo "1910"]
[BlackElo "1675"]
[PlyCount "99"]
[EventDate "2019.01.21"]
[EventRounds "10"]
[EventCountry "BRA"]

1. c4 c6 2. d4 d5 3. Nf3 Nf6 4. g3 Bf5 5. Bg2 e6 6. O-O Nbd7 7. Nc3 h6 8. Qb3 Qb6 9. Ne5 Be7 10. Nxd7 Nxd7 11. e4 dxe4 12. Nxe4 Nf6 13. Nxf6+ Bxf6 14. Be3 Qc7 15. Bf4 Qd7 16. Be5 Bxe5 17. dxe5 Qc7 18. Rfd1 Qb6 19. Rd6 Qxb3 20. axb3 Bc2 21. b4 O-O 22. c5 a6 23. f4 Bb3 24. Ra3 Bd5 25. Bxd5 exd5 26. Rd7 Rab8 27. b5 axb5 28. Ra7 Rfd8 29. Raxb7 Ra8 30. Rxf7 d4 31. Rxg7+ Kh8 32. Ra7 Rxa7 33. Rxa7 d3 34. Ra1 Rd5 35. Rd1 Rxc5 36. Rxd3 Rc1+ 37. Kg2 Rc2+ 38. Kh3 c5 39. b4 cxb4 40. Rd5 b3 41. Rxb5 b2 42. Rb7 Kg8 43. Kg4 Rxh2 44. Kf5 h5 45. Kg6 Kf8 46. Kf6 Kg8 47. e6 Rg2 48. e7 Re2 49. Rb8+ Kh7 50. Kf7 1-0

[Event "V Floripa Chess Open 2019"]
[Site "Florianopolis/SC"]
[Date "2019.01.25"]
[Round "7.110"]
[White "Lara, Diego Costa"]
[Black "Torres, Eduardo Lisboa"]
[Result "1-0"]
[WhiteElo "1678"]
[BlackElo "1905"]
[PlyCount "119"]
[EventDate "2019.01.21"]
[EventRounds "10"]
[EventCountry "BRA"]

1. d4 c5 2. Nf3 cxd4 3. Nxd4 Nf6 4. c4 e5 5. Nf3 Nc6 6. Nc3 h6 7. a3 a5 8. e4 Bc5 9. h3 O-O 10. Bd3 d6 11. O-O Nh5 12. Qc2 Ng3 13. Re1 f5 14. Kh2 fxe4 15. Nxe4 Nxe4 16. Bxe4 Be6 17. Be3 Bxe3 18. Rxe3 Qe7 19. Rd1 Rac8 20. Bd5 b5 21. Qd3 bxc4 22. Qxc4 Nd4 23. Bxe6+ Nxe6 24. Qd5 Rc2 25. Qxd6 Qxd6 26. Rxd6 Nd4 27. Nxd4 exd4 28. Rxd4 Rfxf2 29. Rg3 Rxb2 30. Rd5 a4 31. Rd4 Rb3 32. Rxa4 Rxg3 33. Kxg3 Ra2 34. Ra7 Kh7 35. a4 Kg6 36. a5 h5 37. Ra6+ Kf5 38. Ra8 h4+ 39. Kxh4 Rxg2 40. a6 Kg6 41. Rb8 Ra2 42. Rb6+ Kh7 43. Kg5 Ra5+ 44. Kf4 g6 45. Rb7+ Kh6 46. a7 g5+ 47. Ke4 Kh5 48. Kd4 Kh4 49. Rh7+ Kg3 50. Kc4 Kg2 51. Kb4 Rxa7 52. Rxa7 Kxh3 53. Kc3 g4 54. Rh7+ Kg2 55. Kd2 Kf2 56. Rf7+ Kg2 57. Ke3 g3 58. Kf4 Kf2 59. Kg4+ Kg2 60. Rf3 1-0

[Event "V Floripa Chess Open 2019"]
[Site "Florianopolis/SC"]
[Date "2019.01.25"]
[Round "7.111"]
[White "Cabral, Denrick"]
[Black "Da Silva Junior, Marco Aurelio"]
[Result "1-0"]
[WhiteElo "1903"]
[BlackElo "1672"]
[PlyCount "89"]
[EventDate "2019.01.21"]
[EventRounds "10"]
[EventCountry "BRA"]

1. e4 c5 2. Nf3 e6 3. d4 cxd4 4. Nxd4 a6 5. Bd3 Nc6 6. Nxc6 dxc6 7. O-O e5 8. Nd2 Nf6 9. Nc4 Qc7 10. Be3 c5 11. a4 Be6 12. Qf3 Be7 13. Qg3 Bxc4 14. Bxc4 g6 15. f3 O-O 16. Bh6 Rfe8 17. h4 Nh5 18. Qf2 Bf8 19. Be3 Ng7 20. f4 b5 21. Bd5 Rad8 22. fxe5 Rxd5 23. exd5 Nf5 24. Bf4 Bg7 25. axb5 axb5 26. e6 Qe7 27. c3 b4 28. Bd2 bxc3 29. bxc3 fxe6 30. dxe6 Qxh4 31. Qxh4 Nxh4 32. Rae1 Nf5 33. g4 Nd6 34. Rf3 Nc4 35. Bf4 Nb6 36. Bd2 Nc4 37. Re2 Ne5 38. Rg3 Nc6 39. Kg2 h6 40. Bf4 g5 41. Bd6 Bf8 42. Bxf8 Kxf8 43. Rf3+ Ke7 44. Rf7+ Kd6 45. Rd7# 1-0

[Event "V Floripa Chess Open 2019"]
[Site "Florianopolis/SC"]
[Date "2019.01.25"]
[Round "7.112"]
[White "Vega, Rodrigo"]
[Black "Eger, Laura Luisa"]
[Result "1-0"]
[WhiteElo "1897"]
[BlackElo "1662"]
[PlyCount "93"]
[EventDate "2019.01.21"]
[EventRounds "10"]
[EventCountry "BRA"]

1. d4 d5 2. c4 c6 3. cxd5 cxd5 4. Nc3 Nf6 5. Bf4 Bf5 6. Qb3 Nc6 7. e3 Na5 8. Qa4+ Bd7 9. Qc2 Rc8 10. Bd3 e6 11. Nge2 Be7 12. h3 b5 13. a3 O-O 14. Be5 g6 15. h4 Nb7 16. h5 g5 17. Bxf6 Bxf6 18. Bxh7+ Kh8 19. Bd3 Nd6 20. Qd1 a5 21. b3 Qb6 22. Bc2 Rg8 23. Qd3 Rg7 24. f3 Nf5 25. g4 Nh6 26. Kf2 Qc7 27. Rac1 Qb8 28. a4 bxa4 29. bxa4 Rc4 30. Rb1 Qc8 31. Rb2 Be7 32. Rd1 Bb4 33. Na2 Qb8 34. Kg2 f5 35. Nxb4 Rxb4 36. Rxb4 axb4 37. gxf5 Nxf5 38. Rh1 Nh4+ 39. Kf2 Rf7 40. Ke1 Nxf3+ 41. Kd1 Qa8 42. Qb3 g4 43. Ng1 Qg8 44. Qd3 Qb8 45. Nxf3 gxf3 46. Qg6 Bxa4 47. Qh6+ 1-0

[Event "V Floripa Chess Open 2019"]
[Site "Florianopolis/SC"]
[Date "2019.01.25"]
[Round "7.113"]
[White "Farias, Edilsom"]
[Black "Da Silva, Matheus Lopes"]
[Result "1-0"]
[WhiteElo "1892"]
[BlackElo "1653"]
[PlyCount "133"]
[EventDate "2019.01.21"]
[EventRounds "10"]
[EventCountry "BRA"]

1. d4 d5 2. c4 e6 3. Nc3 Nf6 4. Bg5 Be7 5. cxd5 exd5 6. Qc2 Bg4 7. e3 c6 8. Bd3 Bh5 9. Nf3 Bg6 10. O-O Bxd3 11. Qxd3 O-O 12. Bxf6 Bxf6 13. b4 Qd6 14. Rab1 a6 15. a4 b5 16. a5 Re8 17. Rfc1 Ra7 18. Ne2 g6 19. Qc2 Bg7 20. Qc5 Qxc5 21. Rxc5 Rc7 22. Nf4 Rec8 23. Nd3 Nd7 24. Rc2 Bf8 25. Rbc1 f6 26. Nd2 f5 27. Nf3 h6 28. Rb1 Bd6 29. Nf4 Kf7 30. g3 Kf6 31. h4 g5 32. hxg5+ hxg5 33. Nd3 Rh8 34. Rbc1 Rhc8 35. Kf1 g4 36. Nh4 Kg5 37. Ke2 Nf8 38. Nc5 Bxc5 39. Rxc5 Nd7 40. R5c2 Kf6 41. Ng2 Nf8 42. Nf4 Ne6 43. Nd3 Ke7 44. Rh1 Kd6 45. Rh6 Ke7 46. Rc1 Rf8 47. Ne5 Kd6 48. Rch1 Re7 49. Ng6 Rfe8 50. Nxe7 Rxe7 51. R6h5 Kd7 52. Kd2 Rf7 53. Rh7 Ke8 54. Rh8+ Ke7 55. Ra8 Nc7 56. Ra7 Kd7 57. Rh8 Kd6 58. Rb8 Ke6 59. Rbb7 Kd6 60. Kc3 Re7 61. Rb8 Rf7 62. Rba8 Ke6 63. Rh8 Kd7 64. Rb7 Re7 65. Rb6 Kd6 66. Rf8 Ke6 67. Rxc6+ 1-0